BTS Song Lyrics - Click Quiz #2 - Statistics

General Stats
  • This quiz has been taken 69 times
  • The average score is 13 of 20
Answer Stats
Hint Answer % Correct
Did you see my bag? MIC Drop
93%
Love you so bad, love you so bad FAKE LOVE
91%
You can't stop me lovin' myself IDOL
91%
I'm a new superhero, ________ Anpanman
87%
Everybody say __! N.O
83%
I need your love before I fall, fall (fall) Save Me
83%
Caught in a ___ Lie
76%
(Click click, bang bang) we just sing it like We Are Bulletproof Pt. 2
69%
You must be kiddin' me, you, you must be kiddin' me! Baepsae
67%
_________, like a _________ Butterfly
61%
So, I call you "illegirl", ille-e-e-e-e-e-e-girl Dimple
59%
If you want, you can have it all (you can have it all, oh) Like Animals
56%
Yeah, I know you always ____ Stay
56%
We are, we are, we are young and wild and free So What
52%
Oh, found my way, ayy, ayy-ayy-ayy-ayy-ayy, ayy, ayy Lost
50%
Together, we won't die Not Today
48%
Uh, we gonna touch the sky, 'fore the day we die Yet To Come
44%
Said you wanted all of me, but what is even all of me? NORMAL
43%
Maybe I, I can never fly Awake
35%
I'm your _____, I'm your _____ Lights
30%
No matching quizzes found
Score Distribution
Percent of People with Each Score
Percentile by Number Answered
Your Score History
You have not taken this quiz